| 000 | 01962nam a2200361 i 4500 | ||
|---|---|---|---|
| 001 | 194448 | ||
| 003 | ES-MaACL | ||
| 005 | 20250825062650.0 | ||
| 008 | 240429b2024 sp ||||| |||| 00| 0 spa d | ||
| 017 | _aB 3290-2024 | ||
| 020 | _a9788409583751 | ||
| 040 |
_bspa _cES-MaACL |
||
| 100 | 1 |
_aAndrade, Eugénio de, _921508 _d1923-2005 _eaut |
|
| 245 |
_aLas palabras prohibidas / _cEugenio de Andrade ; ilustraciones de Soledad Sevilla ; traducción de Miguel Losada |
||
| 250 | _aPrimera Edición: Febrero 2024 | ||
| 260 |
_aBarcelona, _bEditorial La cama al sol, _c2024 |
||
| 300 |
_a77 páginas ; _c24 cm |
||
| 336 |
_2rdacontent _atexto |
||
| 337 |
_2rdamedia _asin mediación |
||
| 338 |
_2rdacarrier _avolumen |
||
| 520 | _aAsí es como definió Jorge Luis Borges al poeta Eugénio de Andrade, como “el amigo más íntimo del sol”, quizás porque la suya es una obra que siempre parece estar reclamando la dignidad del hombre, en busca de esa Materia solar, que daría título a uno de sus libros más conocidos. Andrade, piedra fundamental en la consolidación de la moderna poesía portuguesa, pasó la mayor parte de su vida en la ciudad de Oporto, alejado de los fastos mundanos y de los discursos de cualquier tipo, y allí se conserva su casa en la desembocadura del Duero, frente al mar. | ||
| 655 | 7 |
_2tgfbne _9176539 _aPoesías |
|
| 655 | 7 |
_2tgfbne _aLibros ilustrados _9193653 |
|
| 700 |
_aSevilla, Soledad, _d1944- _eill _9238714 |
||
| 700 | 1 |
_974261 _aLosada, Miguel _etrl |
|
| 852 |
_aES-MaACL _bR.155124 _cDEPOJ _jN-9903 _hDonación: Miguel Losada _xEncuadernación rústica con solapas _9205817 |
||
| 903 |
_974261 _aLosada, Miguel _ednr |
||
| 942 |
_cMONOGRAFIA _n0 |
||
| 999 |
_c194448 _d194448 |
||